<?xml version="1.0" encoding="UTF-8"?>
<marc:record xmlns:marc="http://www.loc.gov/MARC21/slim">
   <marc:leader>00000nam a2200000 a 4500</marc:leader>
   <marc:datafield ind1="1" ind2=" " tag="100">
      <marc:subfield code="a">MacDonald, Kevin</marc:subfield>
   </marc:datafield>
   <marc:datafield ind1=" " ind2=" " tag="653">
      <marc:subfield code="a">Whitney Houston</marc:subfield>
   </marc:datafield>
   <marc:datafield ind1=" " ind2=" " tag="653">
      <marc:subfield code="a">Doku</marc:subfield>
   </marc:datafield>
   <marc:datafield ind1=" " ind2=" " tag="653">
      <marc:subfield code="a">Musikdokumentation</marc:subfield>
   </marc:datafield>
   <marc:datafield ind1="0" ind2="0" tag="245">
      <marc:subfield code="a">Whitney</marc:subfield>
   </marc:datafield>
   <marc:datafield ind1="0" ind2="0" tag="245">
      <marc:subfield code="b">die wahre Geschichte einer Legende</marc:subfield>
   </marc:datafield>
   <marc:datafield ind1="0" ind2="0" tag="245">
      <marc:subfield code="c">Ein Film von Oscar-Gewinner Kevin MacDonald</marc:subfield>
   </marc:datafield>
   <marc:datafield ind1=" " ind2="1" tag="264">
      <marc:subfield code="a">München</marc:subfield>
      <marc:subfield code="b">Wild Bunch Germany</marc:subfield>
      <marc:subfield code="c">2018</marc:subfield>
   </marc:datafield>
   <marc:datafield ind1="1" ind2=" " tag="520">
      <marc:subfield code="a">WHITNEY zeichnet ein intimes und bewegendes Portrait von Houston und ihrer Familie, welches sich abseits der bekannten Schlagzeilen bewegt und ein neues Licht auf ihre unglaubliche Karriere und ihr faszinierendes Leben wirft. Mithilfe von bisher ungesehenem Archiv-Material, exklusiven Demo Aufnahmen, seltenen Performances, Audio-Archiven und original Interviews mit den Menschen, die ihr am nächsten standen, entwirrt Oscar-Gewinner® Kevin MacDonald das Geheimnis hinter der Stimme, die Millionen begeisterte - selbst als sie verzweifelt damit kämpfte ihre dramatische Vergangenheit hinter sich zu lassen.</marc:subfield>
   </marc:datafield>
   <marc:datafield ind1=" " ind2=" " tag="020">
      <marc:subfield code="a">4061229011006</marc:subfield>
      <marc:subfield code="9">4061229011006</marc:subfield>
   </marc:datafield>
   <marc:datafield ind1="0" ind2=" " tag="490">
      <marc:subfield code="v">0</marc:subfield>
   </marc:datafield>
   <marc:datafield ind1=" " ind2=" " tag="300">
      <marc:subfield code="a">1 DVD : ca. 115 Min.</marc:subfield>
   </marc:datafield>
</marc:record>
